000
00324nam a2200133Ia 4500
008
240624s9999 xx 000 0 und d
041
_a
eng
082
_a
300.051 LEO
100
_a
LEONARD MARK
245
_a
WHAT DOES CHINA THINK
260
_c
2008
_a
London
_b
Fourth Estate
300
_a
164 : p. : cm. ; 20
365
_c
RS
_b
20
999
_c
9650
_d
9650